Personnages Charmed - Mort subite - Statistiques

Statistiques générales
  • Ce quiz a été pris 490 fois
    482 depuis la dernière actualisation
  • Le résultat moyen est 8 sur 26
Answers on the Grid
Answers color-coded by a green-red scale on the quiz's grid according to % correct below.
Leslie St. Claire
Ava Nicolae
Aviva
Bane Jessup
Dan Gordon
Dr. Curtis Williamson
Elise Rothman
Elizabeth Turner
Gabriel Statler
Gavin
Greg Rowe
Hannah Webster
Henry Mitchell
Melinda Warren
Jérémy Burns
Malcolm
Matthew Tate
Nicholas
Rex Buckland
Samuel Wilder
Tempus
Victor Bennett
Dex Lawson
Anton
Glen Belland
Christy Jenkins
Cordelia Chase
Riley Finn
Anya Jenkins
Bonnie Bennett
Rupert Giles
Alexander Harris
Faith Lehane
Tara Maclay
Drusilla
Katherine Pierce
Caroline Forbes
Spike
Jeremy Gilbert
Alexia Branson
Matt Donovan
Jenna Sommers
 
Statistiques - réponses
Réponse % Correct
Melinda Warren
60%
Victor Bennett
59%
Tempus
56%
Rex Buckland
51%
Dan Gordon
49%
Christy Jenkins
42%
Nicholas
39%
Elise Rothman
38%
Dex Lawson
36%
Leslie St. Claire
36%
Aviva
33%
Henry Mitchell
33%
Dr. Curtis Williamson
31%
Jérémy Burns
31%
Matthew Tate
26%
Ava Nicolae
25%
Hannah Webster
24%
Anton
23%
Bane Jessup
22%
Glen Belland
21%
Elizabeth Turner
20%
Greg Rowe
20%
Samuel Wilder
20%
Gabriel Statler
14%
Gavin
14%
Malcolm
10%
Aucun quiz correspondant
Distribution des résultats
% des personnes avec chaque résultat
Percentile par nombre de réponses
Votre historique - résultats
Vous n’avez pas pris ce quiz depuis la dernière actualisation